Fondy podporujú aj vystavovateľov

Možnosť získania dotácie zo štrukturálnych fondov na podporu zahraničného obchodu v rámci opatrenia č. 1.5: Rozvoj zahraničnej spolupráce a imidžu SR. Podpora účasti firmy na výstave doma aj v zahraničí. Kto môže žiadať o dotácie na financovanie účasti na výstave. Postup pri žiadaní dotácií. Sektoro...

Ausführliche Beschreibung

Gespeichert in:
Bibliographische Detailangaben
1. Verfasser: Knihárová, Martina
Format: Buchkapitel
Sprache:Slowakisch
Schlagworte:
Tags: Tag hinzufügen
Keine Tags, Fügen Sie das erste Tag hinzu!

MARC

LEADER 00000naa$a2200000$$$4500
001 0024559
005 20231107125332.3
041 0 |a slo 
044 |a SK 
245 1 0 |a Fondy podporujú aj vystavovateľov  |c Martina Knihárová 
520 |a Možnosť získania dotácie zo štrukturálnych fondov na podporu zahraničného obchodu v rámci opatrenia č. 1.5: Rozvoj zahraničnej spolupráce a imidžu SR. Podpora účasti firmy na výstave doma aj v zahraničí. Kto môže žiadať o dotácie na financovanie účasti na výstave. Postup pri žiadaní dotácií. Sektorový operačný program priemysel a služby. 
610 2 0 |a fondy štruktúrne 
610 2 0 |a dotácie 
610 2 0 |a výstavy 
610 2 0 |a firmy 
610 2 0 |a Európska únia 
610 2 0 |a Slovensko 
100 1 |a Knihárová, Martina